100 WPM Typing Quiz - Statistics

General Stats
  • This quiz has been taken 751 times
  • The average score is 28 of 50
Answer Stats
Hint Answer % Correct
front front
76%
period period
75%
educate educate
74%
job job
73%
party party
73%
person person
70%
theory theory
70%
care care
69%
need need
69%
letter letter
67%
staff staff
67%
bed bed
66%
town town
66%
club club
65%
friend friend
65%
level level
65%
man man
65%
manage manage
65%
night night
65%
trade trade
65%
word word
65%
work work
65%
action action
64%
hour hour
64%
law law
64%
month month
64%
back back
63%
book book
63%
end end
63%
hate hate
63%
light light
63%
reason reason
63%
west west
63%
worm worm
63%
choice choice
62%
course course
62%
court court
62%
decision decision
62%
part part
62%
position position
62%
air air
61%
case case
61%
chance chance
61%
door door
61%
home home
61%
minute minute
61%
name name
61%
rest rest
61%
sun sun
61%
view view
61%
area area
60%
child child
60%
face face
60%
fact fact
60%
left left
60%
lot lot
60%
other other
60%
point point
60%
road road
60%
second second
60%
year year
60%
contract contract
59%
hand hand
59%
health health
59%
place place
59%
result result
59%
season season
59%
example example
58%
form form
58%
interest interest
58%
kind kind
58%
size size
58%
south south
58%
table table
58%
time time
58%
union union
58%
big big
57%
body body
57%
change change
57%
city city
57%
college college
57%
father father
57%
food food
57%
game game
57%
land land
57%
march march
57%
model model
57%
music music
57%
office office
57%
park park
57%
power power
57%
street street
57%
wife wife
57%
deal deal
56%
effect effect
56%
group group
56%
history history
56%
police police
56%
range range
56%
research research
56%
right right
56%
bank bank
55%
develop develop
55%
figure figure
55%
growth growth
55%
haze haze
55%
head head
55%
husband husband
55%
north north
55%
plan plan
55%
stage stage
55%
support support
55%
unit unit
55%
use use
55%
house house
54%
place place
54%
society society
54%
son son
54%
sort sort
54%
week week
54%
award award
53%
car car
53%
company company
53%
compute compute
53%
death death
53%
idea idea
53%
morning morning
53%
operation operation
53%
process process
53%
rate rate
53%
service service
53%
sound sound
53%
south south
53%
system system
53%
test test
53%
board board
52%
future future
52%
love love
52%
medium medium
52%
money money
52%
question question
52%
sense sense
52%
small small
52%
team team
52%
way way
52%
invest invest
51%
material material
51%
mother mother
51%
state state
51%
daughter daughter
50%
line line
50%
nature nature
50%
order order
50%
paper paper
50%
series series
50%
act act
49%
country country
49%
day day
49%
god god
49%
member member
49%
room room
49%
east east
48%
fire fire
48%
help help
48%
hospital hospital
48%
mind mind
48%
record record
48%
study study
48%
value value
48%
busy busy
47%
center center
47%
chair chair
47%
list list
47%
thing thing
47%
water water
47%
hair hair
46%
war war
46%
control control
45%
life life
45%
market market
45%
policy policy
45%
problem problem
45%
school school
45%
council council
44%
minister minister
44%
title title
44%
price price
43%
world world
42%
advice advice
41%
extent extent
40%
family family
40%
first first
40%
issue issue
40%
woman woman
40%
age age
39%
industry industry
39%
side side
38%
income income
37%
class class
36%
field field
36%
No matching quizzes found
Score Distribution
Percent of People with Each Score
Percentile by Number Answered
Your Score History
You have not taken this quiz